Les îles d'Amérique du Sud - Statistiques

Statistiques générales
  • Ce quiz a été pris 39 fois
    30 depuis la dernière actualisation
  • Le résultat moyen est 6 sur 45
Statistiques - réponses
Hint Réponse % Correct
Ile de Pâques Chili
43%
Iles Malouines Royaume-Uni
43%
Grande île de la Terre de feu Argentine
36%
Iles Galapagos Equateur
29%
Iles du golfe de Guayaquil Equateur
29%
Ile de Marajo Brésil
21%
Ile de Paqueta Brésil
21%
Iles de Jambeli Equateur
18%
Ile Portal France
18%
Ile de Gorriti Uruguay
18%
Ile d'Apipé Argentine
14%
Ile Tupinambarana Brésil
14%
Ile de Maiandeua Brésil
14%
Ile Saint Sébastien Brésil
14%
Ile Cuptana Chili
14%
Ile Tierra bomba Colombie
14%
Iles Saint Bernard Colombie
14%
Ile Taquile Pérou
14%
Ile Villegagnon Brésil
11%
Ile du Gouverneur Brésil
11%
Ile Fernando de Noronha Brésil
11%
Ile de Bananal Brésil
11%
Ile de Saint Louis Brésil
11%
Ile Horn Chili
11%
Iles de Chiloé Chili
11%
Iles du Rosaire Colombie
11%
Iles d'Essequibo-Dernerara Guyana
11%
Ile des Etats Argentine
7%
Ile d'Itamaraca Brésil
7%
Ile d'Itaparica Brésil
7%
Ile de Sainte Catherine Brésil
7%
Ile des Cobras Brésil
7%
Ile Robinson Crusoé Chili
7%
Ile Gordon Chili
7%
Ile Wellington Chili
7%
Ile Campana Chili
7%
Ile Amantani Pérou
7%
Ile de Flores Uruguay
7%
Ile de Saint François Brésil
4%
Iles Saint André Colombie
4%
Iles Ballestas Pérou
4%
Iles Palomino Pérou
4%
Ile de Martin Garcia Argentine
0%
Ile Victoria Argentine
0%
Ile Blanche Pérou
0%
Aucun quiz correspondant
Distribution des résultats
% des personnes avec chaque résultat
Percentile par nombre de réponses
Votre historique - résultats
Vous n’avez pas pris ce quiz depuis la dernière actualisation